| 000 | 00472cam a2200181ua 4500 | ||
|---|---|---|---|
| 020 | _c1100.00 | ||
| 041 |
_aeng _h |
||
| 082 |
_a631.56 _bMIR/PO |
||
| 100 | _aMir, M.A . | ||
| 245 |
_aPost harvest management of horticultural crops / _cM.A Mir. _hTextual Documents |
||
| 260 |
_aUdaypur : _bAgro-tech publishing academy , _c2007. |
||
| 300 |
_a360 ; _e`. |
||
| 365 | _a1100.00 | ||
| 504 | _a | ||
| 942 | _cBK | ||
| 999 |
_c13061 _d13061 |
||